| 000 | 02433nam a22004097a 4500 | ||
|---|---|---|---|
| 001 | 000333 | ||
| 003 | DO-SdBNP | ||
| 005 | 20231204103303.0 | ||
| 007 | 000333 | ||
| 008 | 160628b2009 sp | 00| 0 spa d | ||
| 020 | _a9789505115136 | ||
| 040 |
_aBPMSU _bspa _cBPMSU |
||
| 082 | 4 |
_a808.83 _bC965m 2007 _222 |
|
| 245 | 0 | 0 |
_aCuentos memorables según Jorge Luis Borges 1 / _c May Sinclair ... [y otros.] |
| 260 |
_aMadrid : _bAlfaguara, _c2007 |
||
| 300 |
_a380 p. : _bil. ; _c25 cm. |
||
| 500 | _aIncluye datos biográficos de los autores. | ||
| 500 | _aIncluye datos biográficos de Jorge Luis Borges en la solapa de la cubierta | ||
| 504 | _aBibliografía : p. 379-380 | ||
| 505 |
_tDonde su fuego nunca se apaga / _rMay Sinclair. _tEscarabajo de oro / _rEdgar Allan Poe. _tExpulsados de poker-flat / _rBret Frencis Harte _tCorazón de las tinieblas / _rConrad, Joseph _tEl jardinero / _rRudyard Kipling. _tEl cuento más hermoso del mundo / _rRudyard Kipling. _tBola de sebo / _rGuy de Maupassant. _tLa pata de mono / _rWilliam Wymark Jacobs. _tEl dios de los gongs / _rGilbert Keith Chesterton. _tHistoria de abdula, el mendigo ciego / Las mil y una noches / _tLos regalos perfectos / _rO'Henry. _tDe lo que aconteció a un deán de Santiago con dol Illán, el gran mago que vivía en Toledo / _rInfante don Juan Manuel. _t. _r |
||
| 590 | _aInventariado, 2023/VM | ||
| 650 | 4 |
_aCuentos _vColecciones |
|
| 700 | 1 |
_aSinclair, May, _d1862 _tDonde su fuego nunca se apaga. |
|
| 700 | 1 |
_aPoe, Edgar Allan, _d1809-1849. _tEscarabajo de oro. |
|
| 700 | 1 |
_aHarte, Bret, _d1839-1902. _tExpulsados de poker-flat. |
|
| 700 | 1 |
_aConrad, Joseph, _d1857-1924. _tCorazón de las tinieblas. |
|
| 700 | 1 |
_aKipling, Rudyard, _d1865-1936. _ttJardinero. |
|
| 700 | 1 |
_aKipling, Rudyard, _d1865-1936. _tCuento más hermoso del mundo. |
|
| 700 | 1 |
_aGuy de Maupassant, René Albert, _d1850-1893. _tBola de sebo. |
|
| 700 | 1 |
_aJacobs, William Wymark, _d1863-1943. _tPata de mono. |
|
| 700 | 1 |
_aChesterton, Gilbert Keith, _d1874-1936. _tDios de los gongs. |
|
| 700 | 1 |
_aO'Henry, _d1862-1910. _tRegalos perfectos. |
|
| 700 | 1 |
_aJuan Manuel, _cInfante de Castilla, _d1282-1347 _tDe lo que aconteció a un deán de Santiago con don Illán, el gran mago que vivía en Toledo. |
|
| 740 | 4 | 2 | _5Las mil y una noches : historia de Abdula, el mendigo ciego. |
| 910 | _aLOPEREZ/ VMateo V. Control de calidad. BPMSU | ||
| 942 |
_2ddc _cBK |
||
| 999 |
_c10623 _d10623 |
||